Inovačné aktivity

Inovačné procesy súkromných firiem prinášajú na trh nové a vylepšené výrobky a procesy, predovšetkým vzdelávací proces. Teórie inovácií. Existuje zvyšujúca sa potreba čistých informácií o špecifických zručnostiach, zamestnaní a vzdelaní, ktoré sú obsiahnuté v inovačnom procese. Prístup a schopnosť v...

Descrizione completa

Salvato in:
Dettagli Bibliografici
Autore principale: Prividi, Dagmar
Natura: Capitolo di libro
Lingua:slovacco
Soggetti:
Tags: Aggiungi Tag
Nessun Tag, puoi essere il primo ad aggiungerne!!

MARC

LEADER 00000naa$a2200000$$$4500
001 0088898
005 20240502072007.9
041 0 |a slo 
044 |a SK 
245 1 0 |a Inovačné aktivity  |c Dagmar Prividiová 
520 |a Inovačné procesy súkromných firiem prinášajú na trh nové a vylepšené výrobky a procesy, predovšetkým vzdelávací proces. Teórie inovácií. Existuje zvyšujúca sa potreba čistých informácií o špecifických zručnostiach, zamestnaní a vzdelaní, ktoré sú obsiahnuté v inovačnom procese. Prístup a schopnosť využívania rôznych foriem zoskupení a znalostných prebytkov, či to je na úrovni lokálnej, regionálnej alebo národnej, hrajú dôležitú ale stále nedostatočne preskúmanú úlohu. Vzťah k schopnostiam, ktoré sú zahrnuté v tomto procese je nádejnou oblasťou pre ďalší výskum. 
610 2 0 |a inovácia 
610 2 0 |a teória a prax 
610 2 0 |a zručnosti 
100 1 |a Prividi, Dagmar